Physics from fisher information; (Record no. 5872)

MARC details
000 -LEADER
fixed length control field 00529nam a22001937a 4500
003 - CONTROL NUMBER IDENTIFIER
control field OSt
005 - DATE AND TIME OF LATEST TRANSACTION
control field 20171101143614.0
008 - FIXED-LENGTH DATA ELEMENTS--GENERAL INFORMATION
fixed length control field 171101b xxu||||| |||| 00| 0 eng d
020 ## - INTERNATIONAL STANDARD BOOK NUMBER
International Standard Book Number 052163167x
040 ## - CATALOGING SOURCE
Transcribing agency DDC.
082 ## - DEWEY DECIMAL CLASSIFICATION NUMBER
Classification number 530.8FRI 1998
100 ## - MAIN ENTRY--PERSONAL NAME
Personal name frieden,B.Roy;
9 (RLIN) 12238
245 ## - TITLE STATEMENT
Title Physics from fisher information;
Remainder of title A unification:
260 ## - PUBLICATION, DISTRIBUTION, ETC. (IMPRINT)
Place of publication, distribution, etc. uk;
Name of publisher, distributor, etc. Cambridge University Press.
Date of publication, distribution, etc. 1998
300 ## - PHYSICAL DESCRIPTION
Extent vii,318p;
Other physical details ill:
Dimensions 25cm
504 ## - BIBLIOGRAPHY, ETC. NOTE
Bibliography, etc includes index en reference.
650 ## - SUBJECT ADDED ENTRY--TOPICAL TERM
Topical term or geographic name as entry element Physics.
9 (RLIN) 809
942 ## - ADDED ENTRY ELEMENTS (KOHA)
Source of classification or shelving scheme Dewey Decimal Classification
Koha item type Open Shelf
Holdings
Withdrawn status Lost status Source of classification or shelving scheme Damaged status Not for loan Home library Current library Source of acquisition Inventory number Total Checkouts Total Renewals Full call number Barcode Checked out Date last seen Date last checked out Koha item type Date acquired Price effective from
    Dewey Decimal Classification     MUST Main Library MUST Main Library   04/21086 1 1 530.8FRI 1998 2017-0876 21/02/2023 07/02/2023 07/02/2023 Open Shelf    
    Dewey Decimal Classification     MUST Main Library MUST Main Library Purchase 0421087     530.8FRI 1998 2024-21000   21/06/2024   Open Shelf 21/06/2024 21/06/2024